LDR 01565nam a2200289 i 4500 001 000000366837 003 CaOOAMICUS 005 20260313111432.0 008 260313s2026 it m u000 u ita u 020 $a978-88-382-5665-3 040 $aSeMil$bita 100 1 $aThien Huan Tu,$d<1974- >.$0(OLS)http://semarc/name/123919 245 00$aNon giudicare il fratello su questioni del cibo e delle feste :$bstudio esegetico-teologico di Rm 14,1-13a e Col 2,16-23 /$cThien Huan Tu. 264 1$aRoma :$bStudium,$c2026. 300 $a465 p. ;$c24 cm. 490 1 $aTesi Gregoriana. Serie Teologia ;$v256 504 $aBibliografia, p. [415]-451 650 4$aBibbia. Nuovo Testamento. Lettere ai Romani - Commentari, studi, critica, interpretazioni.$0(OLS)http://semarc/subject/48419 650 4$aBibbia. Nuovo Testamento. Lettera ai Colossesi - Commentari, studi, critica, interpretazioni.$0(OLS)http://semarc/subject/9438 650 4$aBibbia. Nuovo testamento - Tema [del] Cibo.$0(OLS)http://semarc/subject/56908 830 0$aTesi Gregoriana. Serie Teologia ;$v256.$0(OLS)http://semarc/title/351 850 $aSeMil 852 $aSeMil$W1$xVenegono$y1$m2HA C 256$j268443$B257605$CSeMilBibl$Z2$F257605 $81 996 $6020$a978-88-382-5665-3$9(OLS)http://semarc/number/305503 996 $6245$aNon giudicare il fratello su questioni del cibo e delle feste :$bstudio esegetico-teologico di Rm 14,1-13a e Col 2,16-23$9(OLS)http://semarc/title/458630 996 $6264$aRoma :$bStudium$9(OLS)http://semarc/publisher/29617